LEADER 03131nam 2200721Ia 450 001 9910450648103321 005 20200520144314.0 010 $a1-280-33080-5 010 $a0-203-27605-1 010 $a0-203-02998-4 035 $a(CKB)1000000000247935 035 $a(EBL)168792 035 $a(OCoLC)179163286 035 $a(SSID)ssj0000277045 035 $a(PQKBManifestationID)11253934 035 $a(PQKBTitleCode)TC0000277045 035 $a(PQKBWorkID)10233262 035 $a(PQKB)10059776 035 $a(SSID)ssj0000106553 035 $a(PQKBManifestationID)11132858 035 $a(PQKBTitleCode)TC0000106553 035 $a(PQKBWorkID)10110505 035 $a(PQKB)10261462 035 $a(MiAaPQ)EBC168792 035 $a(Au-PeEL)EBL168792 035 $a(CaPaEBR)ebr10055907 035 $a(CaONFJC)MIL33080 035 $a(EXLCZ)991000000000247935 100 $a19970401d1998 uy 0 101 0 $aeng 135 $aurcn||||||||| 181 $ctxt 182 $cc 183 $acr 200 10$aAspectual grammar and past-time reference$b[electronic resource] /$fLaura A. Michaelis 210 $aLondon ;$aNew York $cRoutledge$d1998 215 $a1 online resource (317 p.) 225 1 $aRoutledge studies in Germanic linguistics ;$v4 300 $aDescription based upon print version of record. 311 $a0-415-65360-6 311 $a0-415-15678-5 320 $aIncludes bibliographical references (p. 281-287) and index. 327 $aBook Cover; Title; Contents; Acknowledgements; List of terms; List of abbreviations; INTRODUCTION; ASPECTUAL MEANING; THE GRAMMATICAL EMBODIMENT OF ASPECTUAL MEANING; THE ENGLISH PERFECT SYSTEM; THREE PERFECT FORMS; INTERPRETATIONS OF THE PRESENT PERFECT; CONCLUSION; Notes; References; Index 330 $aThis study presents a semantic framework for analyzing all aspectual constructions in terms of the event state distinction, and describes the grammatical expression of aspectual meaning in terms of a theory of grammatical constructions. In this theory, grammatical constructions, like words, are conventionalized form-meaning pairs, which are best described not only with respect to their intrinsic semantic values, but also with respect to the functional oppositions in which they participate. 410 0$aRoutledge studies in Germanic linguistics ;$v4. 606 $aGrammar, Comparative and general$xAspect 606 $aGrammar, Comparative and general$xTemporal constructions 606 $aGrammar, Comparative and general$xTense 606 $aSpace and time in language 608 $aElectronic books. 615 0$aGrammar, Comparative and general$xAspect. 615 0$aGrammar, Comparative and general$xTemporal constructions. 615 0$aGrammar, Comparative and general$xTense. 615 0$aSpace and time in language. 676 $a415 700 $aMichaelis$b Laura A.$f1964-$0254252 801 0$bMiAaPQ 801 1$bMiAaPQ 801 2$bMiAaPQ 906 $aBOOK 912 $a9910450648103321 996 $aAspectual grammar and past-time reference$92251705 997 $aUNINA LEADER 02603 am 2200577 n 450 001 9910623999103321 005 20130621 010 $a2-7226-0606-2 024 7 $a10.4000/books.cdf.2815 035 $a(CKB)4100000012897587 035 $a(FrMaCLE)OB-cdf-2815 035 $a(oapen)https://directory.doabooks.org/handle/20.500.12854/95017 035 $a(PPN)267225954 035 $a(EXLCZ)994100000012897587 100 $a20221107j|||||||| ||| 0 101 0 $afre 135 $auu||||||m|||| 181 $ctxt$2rdacontent 182 $cc$2rdamedia 183 $acr$2rdacarrier 200 10$aÉvolution du climat et de l?océan $eLeçon inaugurale prononcée au Collège de France le jeudi 7 novembre 2002 /$fEdouard Bard 210 $aParis $cCollège de France$d2013 215 $a1 online resource (80 p.) 225 1 $aLeçons inaugurales 311 $a2-213-61718-X 330 $aPrononcée en 2002 à l?occasion de l?ouverture de la chaire Évolution du climat et des océans, la leçon inaugurale d?Edouard Bard n?a rien perdu de son actualité. Elle nous rappelle que le réchauffement climatique est une préoccupation de longue date d?une partie de la communauté scientifique, qui disposait déjà depuis des décennies de données nombreuses et étayées. À travers une description de l?histoire du climat, l?auteur croise les approches complémentaires de la paléoclimatologie, de l?océanographie et de la géologie pour mieux analyser et contextualiser le réchauffement global que subissent aujourd?hui le climat et les océans. Ce texte précurseur résonne comme un avertissement qui vient faire écho aux préoccupations contemporaines face aux grands enjeux climatiques de notre époque. 606 $aEnvironmental Studies 606 $aHistory & Philosophy Of Science 606 $aMultidisciplinary 606 $aclimat 606 $aocéan 606 $aréchauffement climatique 606 $achangement climatique 610 $aclimat 610 $aocéan 610 $aréchauffement climatique 610 $achangement climatique 615 4$aEnvironmental Studies 615 4$aHistory & Philosophy Of Science 615 4$aMultidisciplinary 615 4$aclimat 615 4$aocéan 615 4$aréchauffement climatique 615 4$achangement climatique 700 $aBard$b Edouard$01303527 701 $aBard$b Edouard$01303527 801 0$bFR-FrMaCLE 906 $aBOOK 912 $a9910623999103321 996 $aÉvolution du climat et de l?océan$93087352 997 $aUNINA